[Event "AUTO-ELITE-1958"]
[Site "http://www.queenalice.com/game.php?id=1519773"]
[Date "2018.3.15"]
[Round "1"]
[White "prego"]
[Black "TigranPetrosian"]
[Result "1-0"]
[WhiteElo "2519"]
[BlackElo "2608"]

1. e4 c5 2. Nf3 e6 3. d4 cxd4 4. Nxd4 a6 5. g3 b6 6. Bg2 Bb7 7. O-O Nf6 8. Qe2
d6 9. c4 Qc7 10. Nc3 Be7 11. Be3 Nc6 12. Rac1 Nxd4 13. Bxd4 O-O 14. e5 dxe5 15.
Bxe5 Qc8 16. Ne4 Nxe4 17. Bxe4 Bxe4 18. Qxe4 Rd8 19. Rfd1 Ra7 20. Rxd8+ Qxd8 21.
Qg4 Bf8 22. Rd1 Rd7 23. Rd4 h5 24. Rxd7 Qxd7 25. Qe2 b5 26. a3 bxc4 27. Qxc4 Qb5
28. Qe4 g6 29. b4 1-0

[Event "AUTO-ELITE-1958"]
[Site "http://www.queenalice.com/game.php?id=1548349"]
[Date "2018.11.6"]
[Round "2"]
[White "prego"]
[Black "preza"]
[Result "1-0"]
[WhiteElo "2532"]
[BlackElo "2307"]

1. d4 Nc6 2. e4 e5 3. Nf3 exd4 4. Nxd4 Bc5 5. Be3 Qf6 6. c3 Nge7 7. Bc4 Ne5 8.
Be2 d5 9. O-O O-O 10. Nd2 Bb6 11. a4 a5 12. Re1 Be6 13. Qb3 Rad8 14. Qc2 N7c6
15. Bb5 Nxd4 16. Bxd4 c5 17. Bxe5 Qxe5 18. Nf3 Qf4 19. e5 Qh6 20. Rad1 f6 21.
Qd2 Qxd2 22. Rxd2 h6 23. Rde2 f5 24. h4 g6 25. Rd1 Kg7 26. Red2 f4 27. Kf1 Kh8
28. Ke2 Bc7 29. Kf1 Bb6 30. Ke2 Bc7 31. Kf1 Kg7 32. Kg1 Bb6 33. Kf1 Kh8 34. Ke2
Bc7 35. Rc1 Bg4 36. Kf1 Bb6 37. Re1 Be6 38. Red1 Kg7 39. c4 d4 40. Ne1 h5 41.
Nf3 Rf7 42. Ng5 Re7 43. Re1 Bc7 44. b3 Bf5 45. e6 f3 46. g3 1-0

[Event "AUTO-ELITE-1958"]
[Site "http://www.queenalice.com/game.php?id=1548350"]
[Date "2018.11.6"]
[Round "2"]
[White "preza"]
[Black "prego"]
[Result "0-1"]
[WhiteElo "2302"]
[BlackElo "2535"]

1. e4 c5 2. Nf3 d6 3. d3 Nf6 4. g3 g6 5. Bg2 Bg7 6. O-O Nc6 7. c3 O-O 8. Nbd2
Rb8 9. a4 Be6 10. Re1 Qc7 11. Nc4 Ng4 12. Qe2 h6 13. h3 Nge5 14. Nfxe5 Nxe5 15.
Ne3 Nc6 16. Nd5 Qd7 17. g4 b5 18. d4 b4 19. dxc5 bxc3 20. bxc3 Na5 21. Qa6 Bxd5
22. Qxa5 Bc6 23. cxd6 exd6 24. Bf4 Rb3 25. Re3 Re8 26. Rd1 Be5 27. Bxh6 Bxa4 28.
Rc1 Bc6 29. Re2 Qb7 30. Be3 a6 31. Ra2 Ra8 32. f3 Rb5 33. Qa4 Rb3 34. Qc4 d5 35.
Qd3 a5 36. exd5 Bxd5 37. f4 Bxg2 38. fxe5 Be4 39. Qd4 Rc8 40. c4 Rd3 41. Qb6
Qxb6 42. Bxb6 Rxh3 43. Rh2 Rg3+ 44. Kf2 Rxg4 45. Bxa5 Rc5 0-1

[Event "AUTO-ELITE-1785"]
[Site "http://www.queenalice.com/game.php?id=1554676"]
[Date "2018.12.30"]
[Round "2"]
[White "Sidinei"]
[Black "prego"]
[Result "1-0"]
[WhiteElo "2651"]
[BlackElo "2544"]

1. e4 c5 2. Nf3 d6 3. d4 cxd4 4. Nxd4 Nf6 5. Nc3 a6 6. Be3 e5 7. Nb3 Be6 8. f3
h5 9. Nd5 Nxd5 10. exd5 Bf5 11. Bd3 Bxd3 12. Qxd3 Nd7 13. Nd2 h4 14. O-O-O Be7
15. g3 Qa5 16. Kb1 Rc8 17. Rhe1 1-0

[Event "AUTO-ELITE-1785"]
[Site "http://www.queenalice.com/game.php?id=1554677"]
[Date "2018.12.30"]
[Round "2"]
[White "prego"]
[Black "Sidinei"]
[Result "0-1"]
[WhiteElo "2538"]
[BlackElo "2652"]

1. e4 e6 2. d4 d5 3. e5 c5 4. c3 Nc6 5. Nf3 Bd7 6. Be2 Nge7 7. Na3 cxd4 8. Nb5
Ng6 9. cxd4 Bb4+ 10. Nc3 f6 11. exf6 Qxf6 12. a3 Bd6 13. Nb5 Bb8 14. Bg5 Qf7 15.
Be3 O-O 16. Bd3 Nf4 17. Bxh7+ Kh8 18. Bxf4 Qxf4 19. Bc2 e5 20. dxe5 Nxe5 21.
Nbd4 Bc7 22. Bd3 Rae8 23. O-O Bg4 24. g3 Nxf3+ 25. Nxf3 Qf6 26. Bb1 Qh6 27. Qd2
Bxf3 0-1

[Event "AUTO-ELITE-2205"]
[Site "http://www.queenalice.com/game.php?id=1600897"]
[Date "2020.2.27"]
[Round "1"]
[White "prego"]
[Black "preza"]
[Result "1-0"]
[WhiteElo "2579"]
[BlackElo "2284"]

1. e4 e5 2. Nf3 Nc6 3. Bc4 Nf6 4. d3 Be7 5. O-O d6 6. a4 Bg4 7. h3 h5 8. hxg4
hxg4 9. Ng5 d5 10. exd5 Nxd5 11. Qxg4 f6 12. Ne6 Qd6 13. Nxg7+ Kd8 14. Ne6+ Ke8
15. Bxd5 Qxd5 16. Nxc7+ Kf7 17. Nxd5 Rag8 18. Qc4 Nd4 19. Nxe7+ Kxe7 20. f4 Ne2+
21. Kf2 Nxc1 22. Qc7+ Ke6 23. Rxc1 Rb8 24. g4 Rh2+ 25. Kg3 exf4+ 26. Kxh2 Rh8+
27. Kg2 a5 28. Re1+ Kd5 29. Nc3+ Kd4 30. Qc4# 1-0

[Event "AUTO-ELITE-2205"]
[Site "http://www.queenalice.com/game.php?id=1600898"]
[Date "2020.2.27"]
[Round "1"]
[White "preza"]
[Black "prego"]
[Result "0-1"]
[WhiteElo "2288"]
[BlackElo "2571"]

1. e4 e5 2. Nf3 Nc6 3. d3 Nf6 4. g3 Bc5 5. c4 Ng4 6. Bg5 Bxf2+ 7. Ke2 Nd4+ 8.
Nxd4 Qxg5 9. Kf3 Bxd4 10. Bh3 Qe3+ 11. Kg2 Qf2# 0-1